[Event "XXXI Campeonato Regional Absoluto Individual"]
[Site "Museo del Vino - Jumilla 2016"]
[Date "2016.04.09"]
[Round "2.6"]
[White "Juan José Reina Fernández"]
[Black "Sonia Gil Quilez"]
[WhiteElo "1714"]
[BlackElo "2060"]
[WhiteTitle "AFM"]
[BlackTitle "WFM"]
[Result "0-1"]

1. e4 c6 2. d4 d5 3. exd5 cxd5 4. Bd3 Nf6 5. Nf3 Nc6 6. c3 Bg4 7. Bg5 Qb6
8. Qc2 Bxf3 9. gxf3 h6 10. Bxf6 gxf6 11. Nd2 O-O-O 12. f4 e6 13. Nb3 Kb8
14. Nc1 Rc8 15. Qd2 Nxd4 16. Kf1 Nc6 17. Nb3 Bd6 18. Rg1 Qc7 19. Rg4 Rcg8
20. Rh4 Rg7 21. Nd4 Nxd4 22. cxd4 Rhg8 23. Ke2 Rg4 24. Rxg4 Rxg4 25. f5 Bf4
26. Qb4 Rg8 27. fxe6 fxe6 28. h4 Bd6 29. Qd2 Qg7 30. Qe3 Qg4+ 31. f3 Qxh4
32. Rf1 Rg2+ 33. Rf2 Bf4 34. Rxg2 Bxe3 35. Kxe3 Qe1+ 36. Re2 Qg1+ 37. Kd2
Qxd4 38. Rxe6 Qxb2+ 39. Ke3 Qc1+ 40. Ke2 Qf4 41. a4 h5 42. a5 a6 43. Rb6
Kc7 44. Rb1 h4 45. Rg1 0-1

[Event "XXXI Campeonato Regional Absoluto Individual"]
[Site "Museo del Vino - Jumilla 2016"]
[Date "2016.04.09"]
[Round "2.7"]
[White "Juan Antonio Martínez Martínez"]
[Black "Daniel Alarcón Olmos"]
[WhiteElo "1680"]
[BlackElo "2049"]
[Result "0-1"]

1. d4 d6 2. e4 Nf6 3. Nc3 g6 4. Bg5 Bg7 5. Qd2 c6 6. O-O-O b5 7. Bd3 b4 8.
Nb1 Qb6 9. e5 dxe5 10. dxe5 Ng4 11. Nh3 Nxe5 12. Rhe1 Be6 13. f4 Nxd3+ 14.
Qxd3 O-O 15. Bxe7 Rc8 16. Qd6 c5 17. Ng5 Qxd6 18. Rxd6 Bxa2 19. Bd8 Nd7 20.
Be7 Nf8 21. Bf6 Re8 22. Red1 Bxf6 23. Rxf6 h6 24. Nf3 Be6 25. Nbd2 Rad8 26.
f5 Nh7 27. Rxe6 fxe6 28. fxg6 Nf8 29. Ne4 Rxd1+ 30. Kxd1 Rd8+ 31. Ke2 Nxg6
32. Nxc5 Rc8 33. Nxe6 Rxc2+ 34. Nd2 Rxb2 35. Nc5 a5 36. Kd3 Nf4+ 37. Ke3
Nxg2+ 38. Kd3 Nf4+ 39. Ke3 Nd5+ 40. Kd3 Nb6 41. Nc4 Nxc4 42. Kxc4 Rxh2 43.
Kb3 Rh3+ 44. Ka4 Ra3+ 45. Kb5 b3 0-1

[Event "XXXI Campeonato Regional Absoluto Individual"]
[Site "Museo del Vino - Jumilla 2016"]
[Date "2016.04.09"]
[Round "2.8"]
[White "Lázaro Salar Pagan"]
[Black "Daniel Navarro Martínez"]
[WhiteElo "1654"]
[BlackElo "1932"]
[Result "1/2-1/2"]

1. e4 e5 2. Nf3 Nc6 3. Nc3 Nf6 4. Bb5 Bc5 5. h3 O-O 6. O-O d6 7. Bxc6 bxc6
8. d3 h6 9. a3 a6 10. Qe2 Re8 11. Be3 Ba7 12. Bxa7 Rxa7 13. b3 c5 14. Nh2
d5 15. Nxd5 Nxd5 16. exd5 Qxd5 17. Qe4 Qd6 18. a4 Bb7 19. Qe3 Raa8 20. Rfe1
Re6 21. Re2 Rae8 22. Rae1 e4 23. Qd2 exd3 24. Rxe6 Rxe6 25. Rxe6 fxe6 26.
Nf1 dxc2 27. Qxc2 Bd5 28. Qd3 Qc6 29. Ne3 Qb7 30. Qg6 c6 31. Nxd5 exd5 32.
Qe8+ Kh7 33. Qe3 Qb4 34. Kf1 c4 35. Qf4 Kg8 36. bxc4 dxc4 37. Qe4 Qc5 38.
Qe8+ Kh7 39. Qe4+ g6 40. g4 c3 41. Qc2 Qe5 42. Qd3 Qg7 43. Ke2 a5 44. Kd1
Qf6 45. f3 Kg8 46. Kc2 g5 47. Qxc3 Qxc3+ 48. Kxc3 Kf7 49. Kd4 Ke6 50. Ke4
c5 51. f4 gxf4 52. Kxf4 Kd5 53. Ke3 Kc4 54. Kd2 Kb3 55. h4 Kb2 56. Kd3 Kb3
57. g5 hxg5 58. hxg5 c4+ 59. Kd4 c3 60. g6 c2 61. g7 c1=Q 62. g8=Q+ Kxa4
63. Qc4+ Qxc4+ 64. Kxc4 Ka3 65. Kc3 Ka2 66. Kc2 a4 67. Kc1 Kb3 68. Kb1 a3
69. Ka1 a2 1/2-1/2

[Event "XXXI Campeonato Regional Absoluto Individual"]
[Site "Museo del Vino - Jumilla 2016"]
[Date "2016.04.09"]
[Round "2.9"]
[White "Felix Sabater Sánchez"]
[Black "Pedro Pol Plazas"]
[WhiteElo "1988"]
[BlackElo "1888"]
[Result "1-0"]

1. d4 d5 2. c4 e6 3. Nc3 Nf6 4. Bg5 Be7 5. e3 c6 6. Nf3 Qa5 7. Bxf6 Bxf6 8.
Bd3 Nd7 9. cxd5 exd5 10. O-O O-O 11. Qc2 g6 12. Rab1 Qd8 13. b4 a6 14. Rfc1
Bg7 15. a4 Re8 16. b5 axb5 17. axb5 Nf8 18. bxc6 bxc6 19. Ne2 Bg4 20. Qxc6
Bxf3 21. gxf3 Qg5+ 22. Ng3 Rac8 23. Qxc8 Rxc8 24. Rxc8 h5 25. Be2 h4 26. f4
Qe7 27. Nf1 Kh7 28. Rbc1 Ne6 29. Bg4 Kh6 30. Nd2 f5 31. Bh3 Bxd4 32. exd4
Nxf4 33. Bf1 h3 34. Nf3 Kh5 35. Rh8+ Kg4 36. Ne5+ Kg5 37. Re1 Qa3 38. Re3
Qa1 39. Nd7 Nh5 40. Nc5 Nf4 41. Ne6+ Nxe6 42. Rxe6 Qxd4 43. Rxh3 f4 44. Rd3
Qc5 45. Re5+ Kh6 46. Rexd5 Qc8 47. h3 Qe6 48. Rd6 Qe7 49. R3d5 f3 50. Rd3
Qg5+ 51. Kh1 Qc1 52. Rd1 Qg5 53. R6d4 Qf5 54. R1d3 Qf6 55. Rg4 g5 56. Rg3
Qa1 57. Kg1 Kh5 58. Rd5 Kh4 59. Rg4+ Kh5 60. Rdxg5+ Kh6 61. Rd5 Qa2 62. Rd3
Qb1 63. Rxf3 Qd1 64. Kg2 Qd5 65. Kg3 Qd6+ 66. Rgf4 Kh5 67. Kg2 Qc6 68. Bd3
Qb7 69. Kh2 Qc7 70. Kg2 Qg7+ 71. Rg3 Qe7 72. Rf5+ Kh6 73. Rg6+ 1-0

[Event "XXXI Campeonato Regional Absoluto Individual"]
[Site "Museo del Vino - Jumilla 2016"]
[Date "2016.04.09"]
[Round "2.10"]
[White "Felipe Alcaraz Martínez"]
[Black "Jose Antonio Carrillo Conesa"]
[WhiteElo "1887"]
[BlackElo "1673"]
[Result "1-0"]

1. e4 c6 2. Nc3 d5 3. Nf3 dxe4 4. Nxe4 Bf5 5. Ng3 Bg6 6. h4 h6 7. Ne5 Bh7
8. Qh5 g6 9. Qf3 Nf6 10. Qb3 Nd5 11. Qxb7 Qc7 12. Ba6 Qxe5+ 13. Ne2 Qc7 14.
Qxa8 Bg7 15. Qb7 Nxa6 16. Qxa6 O-O 17. O-O Nb4 18. Qc4 Rb8 19. a3 Nd5 20.
d3 Kh8 21. Nc3 Nxc3 22. bxc3 Bg8 23. d4 f5 24. Qd3 Bd5 25. Re1 Be4 26. Rxe4
fxe4 27. Qxe4 e5 28. Be3 Qd6 29. c4 Rd8 30. d5 cxd5 31. cxd5 Qxd5 32. Qxg6
e4 33. Rb1 Qa2 34. Rb7 Qa1+ 35. Kh2 Qe5+ 36. g3 Rf8 37. Bxh6 Rxf2+ 38. Kh3
Qf5+ 39. Qxf5 Rxf5 40. Bxg7+ Kg8 41. Kg4 Rf2 42. Bd4 Rxc2 43. Rxa7 Rc4 44.
Be3 Rc3 45. Kf4 1-0

[Event "XXXI Campeonato Regional Absoluto Individual"]
[Site "Museo del Vino - Jumilla 2016"]
[Date "2016.04.09"]
[Round "2.11"]
[White "Luis Gómez Palazón"]
[Black "Francisco Pérez García"]
[WhiteElo "2052"]
[BlackElo "1537"]
[Result "1-0"]

1. Nf3 b6 2. e4 e6 3. d4 d5 4. Bd3 Nd7 5. exd5 exd5 6. O-O Ngf6 7. Re1+ Be7 
8. Qe2 c5 9. Bf4 Nf8 10. Bb5+ Bd7 11. dxc5 bxc5 12. Ne5 Ne6 13. Bxd7+ Nxd7 
14. Nc6 Qb6 15. Nxe7 Kxe7 16. Nc3 Qc6 17. Qf3 Nb6 18. Rad1 Rhd8 19. Qh5 h6 
20. Qf5 d4 21. Ne4 Rd5 22. Qg4 Kf8 23. Ng3 Nxf4 24. Qxf4 Qd6 25. Qe4 Qd7 
26. Qh7 f6 27. Re4 Rd8 28. Rde1 Nc8 29. h3 Rg5 30. b3 Qd5 31. Re8+ 1-0

[Event "XXXI Campeonato Regional Absoluto Individual"]
[Site "Museo del Vino - Jumilla 2016"]
[Date "2016.04.09"]
[Round "2.12"]
[White "Asensio Sabater Sánchez"]
[Black "Joaquín Macia Senent"]
[WhiteElo "2050"]
[BlackElo "1407"]
[Result "1-0"]

1. b3 f5 2. Bb2 d5 3. e3 Nf6 4. Bxf6 exf6 5. d4 Be6 6. g3 Bd6 7. Bg2 c6 
8. Ne2 Nd7 9. O-O O-O 10. Qd3 g5 11. c4 Nb6 12. c5 Bc7 13. cxb6 axb6 
14. a4 b5 15. Nbc3 b4 16. Na2 Ba5 17. Qc2 Qe8 18. Nec1 Rc8 19. Nd3 b6 
20. Naxb4 c5 21. dxc5 Bxb4 22. Nxb4 Rxc5 23. Qb2 Qf7 24. Rfd1 Kg7 25. Rd4 Rfc8 
26. Rad1 h5 27. h4 Kg6 28. Qe2 Re8 29. Bf3 g4 30. Bg2 Qg7 31. Nd3 Bf7 
32. Nxc5 bxc5 1-0

[Event "XXXI Campeonato Regional Absoluto Individual"]
[Site "Museo del Vino - Jumilla 2016"]
[Date "2016.04.09"]
[Round "2.13"]
[White "Sergio Sánchez Gómez"]
[Black "Antonio Galiano Martínez"]
[WhiteElo "1235"]
[BlackElo "1946"]
[Result "0-1"]

1. d4 Nf6 2. c4 g6 3. Nc3 Bg7 4. e4 d6 5. Be2 O-O 6. Nf3 e5 7. O-O Nc6 
8. h3 exd4 9. Nxd4 Nxe4 10. Nxc6 Nxc3 11. Nxd8 Nxd1 12. Rxd1 Rxd8 13. Rb1 Bf5 
14. Bd3 Bxd3 15. Rxd3 Re8 16. Be3 b6 17. b3 f5 18. Kf1 Re6 19. Re1 Rae8 20. g3 Kf7 
21. h4 Bf6 22. Red1 Re4 23. Rd5 Bc3 24. R5d3 Bf6 25. Rd5 a5 26. R5d3 a4 27. Rb1 axb3 
28. axb3 Ra8 29. Rbd1 Ra1 30. Rxa1 Bxa1 31. Rd2 Ke7 32. Ra2 Bd4 33. Ke2 Bxe3 
34. fxe3 Kd7 35. Kf3 Kc6 36. Rd2 Re5 37. b4 b5 38. cxb5+ Kxb5 39. Rd4 Re6 40. Ke2 c6 
41. Kd3 d5 42. Rf4 Re4 43. Rxe4 dxe4+ 44. Kc3 c5 45. bxc5 Kxc5 46. Kb3 Kd5 47. Kc3 Ke5 
48. Kd2 h6 49. Kc3 g5 50. Kd2 f4 51. hxg5 hxg5 52. gxf4+ Kf5 53. Ke2 Kg4 54. fxg5 Kxg5 
55. Kf2 Kh4 56. Kg2 Kg4 57. Kf2 Kh3 58. Kf1 Kg3 59. Ke2 Kg2 60. Ke1 Kf3 61. Kf1 Kxe3 
62. Ke1 Kd3 63. Kd1 e3 64. Ke1 e2 65. Kf2 Kd2 0-1

[Event "XXXI Campeonato Regional Absoluto Individual"]
[Site "Museo del Vino - Jumilla 2016"]
[Date "2016.04.09"]
[Round "2.14"]
[White "Jose Miguel Abad González"]
[Black "María Pilar López García"]
[WhiteElo "1848"]
[BlackElo "1605"]
[Result "0-1"]

1. e4 c5 2. Nf3 e6 3. d3 a6 4. g3 b5 5. Bg2 Bb7 6. O-O g6 7. Re1 d6 
8. Nbd2 Bg7 9. Nf1 Ne7 10. Ne3 Nd7 11. h4 Qc7 12. Qe2 O-O 13. Ng4 Nc6 
14. c3 a5 15. Bh6 b4 16. Bxg7 Kxg7 17. Qe3 f6 18. Qh6+ Kg8 19. h5 g5 
20. Nxg5 fxg5 21. Qxe6+ Kh8 22. Nh6 Nde5 23. Nf5 Rad8 24. d4 cxd4 25. cxd4 Qf7 
26. Qh6 Nxd4 27. Red1 Nxf5 28. exf5 Bxg2 29. Kxg2 Qxf5 0-1

[Event "XXXI Campeonato Regional Absoluto Individual"]
[Site "Museo del Vino - Jumilla 2016"]
[Date "2016.04.09"]
[Round "2.16"]
[White "José Joaquín Sánchez Fernández"]
[Black "Roberto Patricio López Arroniz"]
[WhiteElo "1939"]
[BlackElo "1422"]
[Result "1-0"]

1. e4 e5 2. Nf3 Nc6 3. Bc4 Nf6 4. Ng5 d5 5. exd5 Na5 6. d3 Nxc4 7. dxc4 Bd6 
8. Nc3 h6 9. Nge4 Bb4 10. O-O O-O 11. a3 Bxc3 12. Nxc3 Re8 13. Re1 a6 14. Qd3 Qd7 
15. f3 Qf5 16. Bd2 Qxd3 17. cxd3 Bf5 18. Re3 Nd7 19. b4 f6 20. Ne4 b6 21. Rc1 Red8 
22. Bc3 Kf7 23. Rce1 Bxe4 24. Rxe4 Re8 25. d4 f5 26. R4e2 exd4 27. Bxd4 Nf6 28. Bxf6 Rxe2 
29. Rxe2 Kxf6 30. Re6+ Kf7 31. Rc6 Ra7 32. Kf2 Ke7 33. Ke3 Kd7 34. Rg6 1-0

[Event "XXXI Campeonato Regional Absoluto Individual"]
[Site "Museo del Vino - Jumilla 2016"]
[Date "2016.04.09"]
[Round "2.17"]
[White "José Gil Villascusa"]
[Black "Pablo Gil Manzano"]
[WhiteElo "1423"]
[BlackElo "1685"]
[Result "0-1"]

1. d4 d5 2. c4 c6 3. Nc3 Nf6 4. Bg5 Nbd7 5. e3 e6 6. a3 Be7 7. cxd5 exd5 
8. Bd3 h6 9. Bf4 Nf8 10. Nge2 Bg4 11. f3 Bh5 12. Qc2 Bg6 13. O-O Bxd3 
14. Qxd3 Nh5 15. Bg3 Nxg3 16. Nxg3 Ng6 17. Nf5 Bf6 18. f4 O-O 19. Rf3 Ne7 
20. Ng3 Qd7 21. Raf1 Rae8 22. Nh5 Qf5 23. Nxf6+ Qxf6 24. e4 dxe4 25. Nxe4 Qf5 
26. Qe2 Qd5 27. Re3 Qxd4 28. Kh1 Nd5 29. Nf6+ Nxf6 30. Rxe8 Rxe8 31. Qc2 Ng4 
32. Qd1 Nf2+ 33. Rxf2 Qxf2 0-1

[Event "XXXI Campeonato Regional Absoluto Individual"]
[Site "Museo del Vino - Jumilla 2016"]
[Date "2016.04.09"]
[Round "2.18"]
[White "Francisco Javier Tomás Alonso"]
[Black "José Carlos Martínez Bastida"]
[WhiteElo "1422"]
[BlackElo "1650"]
[Result "0-1"]

1. d4 d5 2. Nf3 Nf6 3. Bf4 Bf5 4. e3 c5 5. c4 Qb6 6. Qb3 e6 7. Nc3 Na6 
8. Qa4+ Qc6 9. Qxc6+ bxc6 10. a3 Nb8 11. Ne5 Nh5 12. g4 cxd4 13. gxf5 Nxf4 
14. exf4 dxc3 15. fxe6 fxe6 16. cxd5 exd5 17. Bh3 cxb2 18. Rb1 Bxa3 19. Kd1 Rf8 
20. Re1 Kd8 21. Re3 Bc5 22. Rb3 Bd4 23. Rb7 Bxe5 24. fxe5 Rxf2 25. Rxg7 a5 
26. Rxh7 a4 27. e6 a3 28. e7+ Ke8 29. Rh8+ Kxe7 30. Rh7+ Kd6 31. Ke1 a2 
32. Rh6+ Kc5 0-1

[Event "XXXI Campeonato Regional Absoluto Individual"]
[Site "Museo del Vino - Jumilla 2016"]
[Date "2016.04.09"]
[Round "2.19"]
[White "Carlos Javier Molina Molina"]
[Black "Fidel Torres Gómez"]
[WhiteElo "1643"]
[BlackElo "1268"]
[Result "0-1"]

1. e4 e6 2. d4 d5 3. e5 Nc6 4. Nf3 g6 5. Be2 Bg7 6. O-O f6 7. c4 fxe5 
8. cxd5 Nxd4 9. Nxd4 exd4 10. Bb5+ Bd7 11. Bxd7+ Qxd7 12. dxe6 Qd6 
13. Bg5 Nf6 14. Qb3 O-O-O 15. Na3 Rhe8 16. Rfe1 h6 17. Bxf6 Bxf6 
18. Rac1 d3 19. Nc4 Qd5 20. Rcd1 Rxe6 21. Rxe6 Qxe6 22. g3 Qe2 
23. Ne3 Qxb2 24. Qe6+ Kb8 25. Ng4 Rf8 26. Nxf6 Qxf6 27. Qe3 b6 
28. a4 Qf3 29. Qxf3 Rxf3 30. Kg2 Rf6 31. Rxd3 Rd6 32. Re3 Kb7 
33. Re5 Kc6 34. Re7 a5 35. Rh7 h5 36. Re7 Kb7 37. Re4 c5 38. h3 Kc6 
39. g4 hxg4 40. Rxg4 Kd7 41. Re4 Re6 42. Rf4 Kd6 43. Rf7 Kd5 44. Rd7+ Rd6 
45. Re7 c4 46. Re3 Kd4 47. Kf3 Kc5 48. Kg4 Rd3 49. Re6 c3 50. Rxg6 c2 
51. Rg8 Kb4 52. Rc8 Rc3 0-1

[Event "XXXI Campeonato Regional Absoluto Individual"]
[Site "Museo del Vino - Jumilla 2016"]
[Date "2016.04.09"]
[Round "2.20"]
[White "Pedro Salmerón Castro"]
[Black "José Alfredo Caballero Frutos"]
[WhiteElo "1360"]
[BlackElo "1639"]
[Result "1/2-1/2"]

1. e4 e5 2. Nf3 Nf6 3. Nxe5 d6 4. Nf3 Nxe4 5. Nc3 Nxc3 6. dxc3 Be7 7. Bf4 Nd7 
8. Qd2 O-O 9. O-O-O Nc5 10. Bd3 Nxd3+ 11. cxd3 c5 12. h4 Be6 13. a3 Bb3 14. Rdg1 b5 
15. g4 b4 16. cxb4 cxb4 17. Nd4 Qc7+ 18. Kb1 Bd5 19. Rh3 bxa3 20. Qc2 Qb6 21. Nf5 Bf6 
22. g5 Bd8 23. Qc3 Qxb2+ 24. Qxb2 axb2 25. Bxd6 Re8 26. Re3 Bb6 27. Rxe8+ Rxe8 
28. Ne7+ Rxe7 29. Bxe7 Bxf2 30. Rg4 Bb6 31. Kxb2 Be6 32. Rb4 h6 33. d4 hxg5 
34. hxg5 Kh7 35. Bc5 Kg6 36. Bxb6 axb6 37. Rb5 Bf5 38. d5 Kxg5 39. Rxb6 Kf4 
40. Kc3 g5 41. Rf6 Ke5 42. Rxf7 Be4 43. Kd2 Bxd5 44. Rf8 g4 45. Ke2 Bf3+ 46. Ke3 Kd5 
47. Kf4 Kd4 48. Rd8+ Kc5 49. Ke3 Kc4 50. Rd4+ Kc5 1/2-1/2

[Event "XXXI Campeonato Regional Absoluto Individual"]
[Site "Museo del Vino - Jumilla 2016"]
[Date "2016.04.09"]
[Round "2.21"]
[White "Antonio Palao Morales"]
[Black "Diego Juan García López"]
[WhiteElo "1637"]
[BlackElo "1247"]
[Result "1-0"]

1. e4 e6 2. d4 d5 3. e5 c5 4. c3 Nc6 5. Nf3 Qb6 6. a3 c4 7. Nbd2 Na5 
8. Be2 Be7 9. O-O f6 10. Rb1 Qc7 11. Qc2 Nc6 12. exf6 Nxf6 13. b3 cxb3 
14. Qxb3 O-O 15. Bd3 b6 16. Re1 Bd6 17. h3 e5 18. dxe5 Nxe5 19. Nxe5 Bxe5 
20. c4 Bb7 21. cxd5 Bxd5 22. Bc4 Bxc4 23. Nxc4 Bd4 24. Nxb6+ Kh8 25. Nxa8 Rxa8 
26. Be3 Bxe3 27. Rxe3 Rd8 28. Rd3 Re8 29. Qc3 Qf4 30. Qb4 Qf5 31. Rbd1 h6 
32. Rd8 Rxd8 33. Rxd8+ Kh7 34. Qd4 a5 35. Qd3 Qxd3 36. Rxd3 1-0

[Event "XXXI Campeonato Regional Absoluto Individual"]
[Site "Museo del Vino - Jumilla 2016"]
[Date "2016.04.09"]
[Round "2.22"]
[White "Ana Isabel Duran Cerezo"]
[Black "Ernesto Jesus Rico Guardiola"]
[WhiteElo "1258"]
[BlackElo "1633"]
[Result "0-1"]

1. e4 e6 2. d4 d5 3. Nd2 Nf6 4. e5 Nfd7 5. Ngf3 c5 6. c3 Nc6 7. Nb3 Be7 
8. Be3 cxd4 9. cxd4 Nb6 10. Rc1 Na4 11. Bb5 Nxb2 12. Qc2 Nc4 13. Bxc4 dxc4 
14. Qxc4 Nb4 15. Nc5 Bxc5 16. O-O Be7 17. a3 Nd5 18. Qb5+ Qd7 19. Qc4 Nxe3 
20. fxe3 Bxa3 21. Ra1 Be7 22. Rfd1 b5 23. Qe2 Bb7 24. e4 a6 25. Ne1 O-O 
26. Qe3 Qc7 27. Rac1 Qb6 28. Nf3 h6 29. Rd3 Rad8 30. Rc2 b4 31. g4 f6 
32. Nh4 fxe5 33. Ng6 Bg5 34. Qg3 Rxd4 35. Nxe5 Rxd3+ 36. Rf2 Rxg3+ 0-1

[Event "XXXI Campeonato Regional Absoluto Individual"]
[Site "Museo del Vino - Jumilla 2016"]
[Date "2016.04.09"]
[Round "2.23"]
[White "Pedro Muñoz Candela"]
[Black "Javier Valera Aznar"]
[WhiteElo "1628"]
[BlackElo "1190"]
[Result "1-0"]

1. e4 e6 2. Nf3 d5 3. exd5 exd5 4. d4 Bd6 5. h3 Ne7 6. c4 c6 7. c5 Bc7 
8. Bg5 f6 9. Be3 Bf5 10. Bd3 Ba5+ 11. Nc3 Bxd3 12. Qxd3 O-O 13. a3 Bxc3+ 
14. bxc3 Nd7 15. O-O Qe8 16. Bf4 Qg6 17. Qe2 Qe4 18. Qd2 Ng6 19. Bd6 Rfe8 
20. Rfe1 Qf5 21. Nh2 b6 22. f4 bxc5 23. g4 Qe4 24. Rxe4 dxe4 25. Qa2+ Kh8 
26. dxc5 Rad8 27. Re1 Nh4 28. Qf7 e3 29. Bc7 Rf8 30. Qh5 Nxc5 31. Bxd8 Rxd8 
32. Qxc5 h6 33. Rxe3 Rd1+ 34. Kf2 Rd2+ 35. Re2 Rd3 36. f5 Rxh3 37. Qf8+ Kh7 
38. Re8 Ng6 39. Qg8# 1-0

[Event "XXXI Campeonato Regional Absoluto Individual"]
[Site "Museo del Vino - Jumilla 2016"]
[Date "2016.04.09"]
[Round "2.24"]
[White "Antonio Ruiz Sánchez"]
[Black "Jesús Salmerón Lucas"]
[WhiteElo "1552"]
[BlackElo "1417"]
[Result "1-0"]

1. e4 e6 2. d4 d5 3. e5 Nc6 4. Nf3 a6 5. Bd3 Nb4 6. Be2 Ne7 7. Bg5 Qd7 
8. c3 Nbc6 9. O-O Ng6 10. Nbd2 Nf4 11. Bxf4 Be7 12. a3 b5 13. Nb3 Bb7 
14. Nc5 Bxc5 15. dxc5 O-O-O 16. Bg5 Rde8 17. b4 h6 18. Be3 Rhf8 19. a4 Na7 
20. Nd4 c6 21. axb5 Nxb5 22. Bxb5 axb5 23. Qc2 f5 24. Ra7 Kd8 25. Rfa1 Ke7 
26. R1a6 Ra8 27. Nxc6+ Kf7 28. Nd4 Rxa7 29. Rxa7 1-0

[Event "XXXI Campeonato Regional Absoluto Individual"]
[Site "Museo del Vino - Jumilla 2016"]
[Date "2016.04.16"]
[Round "3.1"]
[White "Sonia Gil Quilez"]
[Black "Emilio Miguel Sánchez Jerez"]
[WhiteElo "2060"]
[BlackElo "2272"]
[WhiteTitle "WFM"]
[BlackTitle "FM"]
[Result "0-1"]

1. d4 d6 2. c4 Nf6 3. Nc3 e5 4. Nf3 e4 5. Ng5 Bf5 6. g3 h6 7. Nh3 c6 
8. Bg2 Qd7 9. Ng1 d5 10. cxd5 cxd5 11. e3 Nc6 12. Nge2 Bd6 13. O-O h5 
14. h4 Bg4 15. Qb3 O-O 16. Bd2 Ne7 17. Rac1 Bf3 18. Rfe1 Qg4 19. Nb5 Bxg2 
20. Kxg2 Nf5 21. Nxd6 Nxh4+ 22. Kg1 Nf3+ 23. Kg2 Nh4+ 24. Kg1 Qh3 0-1

[Event "XXXI Campeonato Regional Absoluto Individual"]
[Site "Museo del Vino - Jumilla 2016"]
[Date "2016.04.16"]
[Round "3.2"]
[White "Daniel Alarcón Olmos"]
[Black "Alejandro Castellanos Gómez"]
[WhiteElo "2049"]
[BlackElo "2137"]
[Result "0-1"]

1. d4 d5 2. Nf3 Nf6 3. e3 Bf5 4. Bd3 Bg6 5. O-O e6 6. Ne5 Bd6 7. b3 Nc6 
8. Bb5 Bxe5 9. dxe5 Nd7 10. Bb2 Ne7 11. Nd2 c6 12. Bd3 Qb6 13. Qe2 O-O 
14. f4 f6 15. exf6 Nxf6 16. g4 Rae8 17. h3 Nd7 18. Kh2 Qc7 19. Nf3 Bxd3 
20. cxd3 Ng6 21. Kh1 c5 22. Rac1 Qa5 23. Bc3 Qd8 24. d4 b6 25. dxc5 Nxc5 
26. Ba1 Ne4 27. Kh2 Nh4 28. Ne5 Ng6 29. Qb2 Qh4 30. Rf3 Nf6 31. g5 Nxe5 
32. Rg3 Ne4 33. Rg2 Nf3+ 34. Kh1 Qxh3+ 35. Rh2 Ng3# 0-1

[Event "XXXI Campeonato Regional Absoluto Individual"]
[Site "Museo del Vino - Jumilla 2016"]
[Date "2016.04.16"]
[Round "3.3"]
[White "Ángel Murcia Paredes"]
[Black "Felipe Alcaraz Martínez"]
[WhiteElo "2128"]
[BlackElo "1887"]
[WhiteTitle "CM"]
[Result "1/2-1/2"]

1. d4 d5 2. c4 e6 3. Nc3 c6 4. e4 dxe4 5. Nxe4 Bb4+ 6. Nc3 Nf6 7. a3 Bxc3+ 
8. bxc3 O-O 9. Bd3 h6 10. Ne2 c5 11. O-O Nc6 12. Bb2 e5 13. f3 cxd4 14. cxd4 exd4 
15. Kh1 Kh8 16. Qd2 Qd6 17. Rad1 Be6 18. Rfe1 Rad8 19. Qc1 Qc5 20. Qa1 Rfe8 
21. a4 Rd7 22. Ba3 Qg5 23. Bc1 Qc5 24. Ba3 Qg5 25. Bc1 Qc5 1/2-1/2

[Event "XXXI Campeonato Regional Absoluto Individual"]
[Site "Museo del Vino - Jumilla 2016"]
[Date "2016.04.16"]
[Round "3.4"]
[White "José Ruiz Sánchez"]
[Black "Luis Fernández Álvarez"]
[WhiteElo "1836"]
[BlackElo "2085"]
[Result "0-1"]

1. d4 Nf6 2. c4 d6 3. Nc3 e5 4. e4 exd4 5. Qxd4 Nc6 6. Qd1 g6 7. h3 Bg7 
8. Nf3 O-O 9. Bd3 Re8 10. O-O Ne5 11. Nxe5 dxe5 12. Bg5 c6 13. Qe2 Qc7 
14. Rac1 Nd7 15. b4 Nf8 16. Be3 Ne6 17. Qc2 Nd4 18. Bxd4 exd4 19. Ne2 a5 
20. a3 axb4 21. axb4 c5 22. bxc5 Qxc5 23. Rb1 Ra3 24. Rb3 Bd7 25. Rxa3 Qxa3 
26. Nf4 Ra8 27. Nd5 Bc6 28. f4 Ra5 29. f5 Be5 30. fxg6 hxg6 31. Qf2 Bxd5 
32. exd5 Qe7 33. Qe2 Qg5 34. Re1 Bf4 35. Qg4 Be3+ 36. Kh1 Qxg4 37. hxg4 Ra3 
38. Rd1 Kf8 39. g3 Ke7 40. Kg2 Kd6 41. Kf3 Ra2 42. Rf1 Ke5 43. Be2 Ra3 
44. Rd1 Ra6 45. Re1 f6 46. Rb1 Ra3 47. Rxb7 Bf4+ 48. Kg2 Rxg3+ 49. Kf1 d3 
50. Bxd3 Rxd3 51. Re7+ Kd4 52. Re6 Kxc4 53. Rxf6 g5 0-1

[Event "XXXI Campeonato Regional Absoluto Individual"]
[Site "Museo del Vino - Jumilla 2016"]
[Date "2016.04.16"]
[Round "3.5"]
[White "Antonio Galiano Martínez"]
[Black "Felix Sabater Sánchez"]
[WhiteElo "1946"]
[BlackElo "1988"]
[Result "1-0"]

1. d4 Nf6 2. c4 e6 3. Nc3 Bb4 4. e3 b6 5. Ne2 O-O 6. a3 Be7 7. Ng3 Bb7 8. d5 d6 
9. Be2 Nbd7 10. O-O a5 11. b3 Re8 12. e4 e5 13. Rb1 Bf8 14. b4 axb4 15. axb4 g6 
16. Be3 Ba6 17. Qd2 Qc8 18. Ra1 Bb7 19. Rxa8 Bxa8 20. Ra1 c6 21. f3 Qc7 22. Bd1 cxd5 
23. cxd5 Qc4 24. Na4 Qa6 25. Ra2 Qb7 26. Nc3 Rc8 27. Be2 Qb8 28. Nb5 Ne8 29. Bd3 Nc7 
30. Na7 Rd8 31. Ne2 f5 32. Nc3 fxe4 33. fxe4 Be7 34. Be2 Nf6 35. h3 Rf8 36. Bf3 Nd7 
37. Nab5 Nxb5 38. Nxb5 Bb7 39. Bg4 Nf6 40. Be6+ Kh8 41. Qc2 Bc8 42. Bh6 Rd8 43. Ra7 Bd7 
44. Bg5 Rc8 45. Qe2 Bxb5 46. Rxe7 Rf8 47. Qxb5 Nxe4 48. Bh6 Rd8 49. Bg7# 1-0

[Event "XXXI Campeonato Regional Absoluto Individual"]
[Site "Museo del Vino - Jumilla 2016"]
[Date "2016.04.16"]
[Round "3.6"]
[White "María del Pilar López García"]
[Black "Luis Gómez Palazón"]
[WhiteElo "1605"]
[BlackElo "2052"]
[Result "0-1"]

1. e4 e6 2. d4 d5 3. Nd2 f5 4. exf5 exf5 5. Ngf3 Nf6 6. Bd3 Be7 7. O-O O-O 
8. Re1 Ne4 9. c4 c6 10. Ne5 Nd7 11. Nxd7 Qxd7 12. Qe2 Bf6 13. cxd5 cxd5 
14. Nb3 Qd6 15. f3 Ng5 16. Qc2 b6 17. Be3 g6 18. Rac1 Ne6 19. Qc6 Qxc6 
20. Rxc6 Kf7 21. Rec1 Re8 22. Bf2 Bb7 23. R6c2 Rac8 24. Rxc8 Rxc8 25. Rc3 a5 
26. Bb5 Ke7 27. Kf1 a4 28. Rxc8 Bxc8 29. Bxa4 Ba6+ 30. Ke1 b5 31. Bxb5 Bxb5 
32. Kd2 Bc4 33. Kc3 Bxb3 34. axb3 Kd6 35. Be3 Kc6 36. Bf2 Kb5 37. Be3 h5 
38. Bf2 Nf4 39. g3 Nh3 40. Be3 Be7 41. Kc2 h4 42. Bd2 Ng1 43. f4 Nf3 44. gxh4 Nxd4+ 
45. Kc3 Nf3 46. Be3 Bxh4 47. h3 Bf6+ 48. Kc2 Nd4+ 49. Kc3 Ne6+ 50. Kc2 Nc5 
51. Bd2 Ne4 52. Be3 Kb4 53. Bg1 Nc5 0-1

[Event "XXXI Campeonato Regional Absoluto Individual"]
[Site "Museo del Vino - Jumilla 2016"]
[Date "2016.04.16"]
[Round "3.7"]
[White "Leopoldo González Brusi"]
[Black "Asensio Sabater Sánchez"]
[WhiteElo "1923"]
[BlackElo "2050"]
[WhiteTitle "AGM"]
[Result "1-0"]

1. e4 Nf6 2. e5 Nd5 3. c4 Nb6 4. d4 d6 5. exd6 cxd6 6. Nc3 g6 7. Be3 Bg7 
8. Rc1 O-O 9. Nf3 Bg4 10. Be2 Nc6 11. d5 Bxf3 12. Bxf3 Ne5 13. b3 Nxf3+ 
14. Qxf3 Nd7 15. O-O a6 16. Ne4 b5 17. c5 dxc5 18. Nxc5 Nxc5 19. Rxc5 Qd7 
20. Rfc1 Rac8 21. Qe4 Rxc5 22. Rxc5 Rd8 23. h3 Bf8 24. Rc6 a5 25. Bb6 Qxd5 
26. Qxd5 Rxd5 27. Bxa5 e5 28. Rc2 Bc5 29. Bd2 f5 30. Kf1 Kf7 31. Ke2 Ke6 
32. a4 bxa4 33. bxa4 Kd6 34. f3 Bb6 35. Bb4+ Kd7 36. Rd2 Kc6 37. Rc2+ Kb7 
38. Rc4 Ba5 39. Bxa5 Rxa5 40. Rh4 h5 41. Rc4 Rd5 42. g4 hxg4 43. hxg4 Kb6 
44. gxf5 gxf5 45. Rc8 Ka5 46. Rf8 f4 47. Ra8+ Kb4 48. a5 Kb5 49. Ke1 Kc6 
50. a6 Kb6 51. Ke2 Kc7 52. Rf8 Ra5 53. a7 Rxa7 54. Rf7+ Kb6 55. Rxa7 Kxa7 
56. Kd3 Kb7 57. Ke4 Kc7 58. Kxe5 Kd7 59. Kxf4 Ke7 60. Kf5 Kf7 61. f4 Ke8 
62. Kf6 Kf8 63. f5 1-0